000 01531nam2a2200289 4500
001 RU\NLR\bibl\1070256
005 20260407155728.0
010 _a5-94789-192-1
_9216
021 _aRU
_b2007-12600
_9669
035 _a(NLR Aleph) 001057489
090 _a917448
_c917448
100 _a20070409d2006 |||y0rusy50 ca
101 0 _arus
102 _aRU
105 _aa |||||||||
200 0 _aВып. 4
_eматериалы научно-практической конференции врачей России, посвященной 70-летию Тверской государственной медицинской академии
210 _aТверь
_cТриада
_d2006
215 _a335 с.
_cил.
300 _aВ надзаг.: М-во здравоохранения и социал. развития РФ ...
461 0 _1001RU\NLR\bibl\395293
_12001#$aУспенские чтения$vВып. 4
_9506838
_cТверь
_d2002
_f[Редкол.: проф. Мохов Е.М. (отв.ред.) и др.]
_nРТС-импульс
_oМатериалы науч.-практ. конф. врачей России, посвящ. 100-летию хирург. службы Твер. обл.
_tУспенские чтения
_vВып. 4
711 1 2 _aУспенские чтения
_eТверь
_f2006
_9695462
_3RU\NLR\AUTH\8810097166
801 0 _aRU
_bNLR
_c20070409
_gRCR
801 1 _aRU
_bNLR
_c20070409
942 _cBOOK
980 _aNB